Geography Multi-select #42 - Statistics

General Stats
  • This quiz has been taken 16 times
    12 since last reset
  • The average score is 56 of 90
Answer Stats
Question Tile Select % Correct
JetPunk sovereign states where the Russian language has some constitutional status even if it is not an official language. Bulgaria No
100%
JetPunk sovereign states with at least one national capital (of any type, including de facto) whose name begins with “C.” Burundi No
91%
JetPunk sovereign states that share a land border with Angola. Equatorial Guinea No
91%
U.S. states that share a land border with Michigan. (Do not include states that only share a boundary that runs through the Great Lakes.) Iowa No
91%
JetPunk sovereign states with a coastline on the Mediterranean Sea. Israel Yes
91%
JetPunk sovereign states with a coastline on the Mediterranean Sea. Italy Yes
91%
U.S. states that share a land border with Michigan. (Do not include states that only share a boundary that runs through the Great Lakes.) Kentucky No
91%
JetPunk sovereign states with a coastline on the Mediterranean Sea. Kosovo No
91%
JetPunk sovereign states with a coastline on the Mediterranean Sea. Malta Yes
91%
JetPunk sovereign states that share a land border with Angola. Namibia Yes
91%
U.S. states that share a land border with Michigan. (Do not include states that only share a boundary that runs through the Great Lakes.) Ohio Yes
91%
JetPunk sovereign states with at least one national capital (of any type, including de facto) whose name begins with “C.” Rwanda No
91%
five most populous cities in Bosnia and Herzegovina (2013). Sarajevo Yes
91%
JetPunk sovereign states with at least one national capital (of any type, including de facto) whose name begins with “C.” Somalia No
91%
JetPunk sovereign states with a coastline on the Mediterranean Sea. Sudan No
91%
JetPunk sovereign states with a coastline on the Mediterranean Sea. Tunisia Yes
91%
JetPunk sovereign states with at least one national capital (of any type, including de facto) whose name begins with “C.” Angola No
82%
JetPunk sovereign states with at least one national capital (of any type, including de facto) whose name begins with “C.” Denmark Yes
82%
five most populous cities in Bosnia and Herzegovina (2013). Doboj No
82%
JetPunk sovereign states that share a land border with Angola. Gabon No
82%
JetPunk sovereign states where the Russian language has some constitutional status even if it is not an official language. Kazakhstan Yes
82%
JetPunk sovereign states where the Russian language has some constitutional status even if it is not an official language. Kyrgyzstan Yes
82%
five most populous cities in Kentucky (2020). Lexington Yes
82%
five most populous cities in Kentucky (2020). Louisville Yes
82%
location closest to the Sargasso Sea. Mauritania No
82%
U.S. states that share a land border with Michigan. (Do not include states that only share a boundary that runs through the Great Lakes.) Pennsylvania No
82%
JetPunk sovereign states with a coastline on the Mediterranean Sea. Portugal No
82%
location closest to the Sargasso Sea. Senegal No
82%
JetPunk sovereign states with at least one national capital (of any type, including de facto) whose name begins with “C.” South Africa Yes
82%
location closest to the Sargasso Sea. United States No
82%
JetPunk sovereign states that share a land border with Angola. Zimbabwe No
82%
JetPunk sovereign states where the Russian language has some constitutional status even if it is not an official language. Armenia No
73%
JetPunk sovereign states where the Russian language has some constitutional status even if it is not an official language. Belarus Yes
73%
location closest to the Sargasso Sea. Brazil No
73%
five most populous cities in Bosnia and Herzegovina (2013). Brčko No
73%
location closest to the Sargasso Sea. Canada No
73%
JetPunk sovereign states that share a land border with Angola. Central African Republic No
73%
JetPunk sovereign states that share a land border with Angola. D. R. Congo Yes
73%
JetPunk sovereign states where the Russian language has some constitutional status even if it is not an official language. Estonia No
73%
five most populous cities in Kentucky (2020). Florence No
73%
five most populous cities in Kentucky (2020). Georgetown No
73%
JetPunk sovereign states with a coastline on the Mediterranean Sea. Jordan No
73%
U.S. states that share a land border with Michigan. (Do not include states that only share a boundary that runs through the Great Lakes.) New York No
73%
five most populous cities in Bosnia and Herzegovina (2013). Prijedor No
73%
JetPunk sovereign states where the Russian language has some constitutional status even if it is not an official language. Russia Yes
73%
JetPunk sovereign states with at least one national capital (of any type, including de facto) whose name begins with “C.” Benin Yes
64%
JetPunk sovereign states that are members of the Asia Cooperation Dialogue. China Yes
64%
JetPunk sovereign states with at least one national capital (of any type, including de facto) whose name begins with “C.” Guinea Yes
64%
JetPunk sovereign states that are members of the Asia Cooperation Dialogue. Iraq No
64%
JetPunk sovereign states that are members of the Asia Cooperation Dialogue. Israel No
64%
U.S. states that share a land border with Michigan. (Do not include states that only share a boundary that runs through the Great Lakes.) Wisconsin Yes
64%
JetPunk sovereign states that share a land border with Angola. Zambia Yes
64%
JetPunk sovereign states where the Russian language has some constitutional status even if it is not an official language. Azerbaijan No
55%
five most populous cities in Bosnia and Herzegovina (2013). Banja Luka Yes
55%
location closest to the Sargasso Sea. Dominican Republic No
55%
JetPunk sovereign states that are members of the Asia Cooperation Dialogue. Indonesia Yes
55%
five most populous cities in Kentucky (2020). Owensboro Yes
55%
five most populous cities in Kentucky (2020). Richmond No
55%
JetPunk sovereign states with a coastline on the Mediterranean Sea. Slovenia Yes
55%
JetPunk sovereign states with at least one national capital (of any type, including de facto) whose name begins with “C.” Sri Lanka Yes
55%
JetPunk sovereign states that are members of the Asia Cooperation Dialogue. Syria No
55%
JetPunk sovereign states where the Russian language has some constitutional status even if it is not an official language. Turkmenistan No
55%
five most populous cities in Bosnia and Herzegovina (2013). Zenica Yes
55%
five most populous cities in Kentucky (2020). Bowling Green Yes
45%
location closest to the Sargasso Sea. Cuba No
45%
National Historic Landmarks currently located in Iowa. First Methodist Church of Council Bluffs No
45%
National Historic Landmarks currently located in Iowa. Gerald Ford Childhood Home No
45%
JetPunk sovereign states that are members of the Asia Cooperation Dialogue. India Yes
45%
U.S. states that share a land border with Michigan. (Do not include states that only share a boundary that runs through the Great Lakes.) Indiana Yes
45%
JetPunk sovereign states that are members of the Asia Cooperation Dialogue. Iran Yes
45%
U.S. states that share a land border with Michigan. (Do not include states that only share a boundary that runs through the Great Lakes.) Minnesota No
45%
JetPunk sovereign states that are members of the Asia Cooperation Dialogue. Turkmenistan No
45%
five most populous cities in Bosnia and Herzegovina (2013). Tuzla Yes
45%
location closest to the Sargasso Sea. Bahamas No
36%
location closest to the Sargasso Sea. Bermuda Yes
36%
five most populous cities in Bosnia and Herzegovina (2013). Bijeljina Yes
36%
JetPunk sovereign states that share a land border with Angola. Republic of the Congo Yes
36%
National Historic Landmarks currently located in Iowa. Woodbury County Courthouse Yes
36%
JetPunk sovereign states that share a land border with Angola. Botswana No
27%
JetPunk sovereign states that are members of the Asia Cooperation Dialogue. Cambodia Yes
27%
National Historic Landmarks currently located in Iowa. Dubuque County Jail Yes
27%
U.S. states that share a land border with Michigan. (Do not include states that only share a boundary that runs through the Great Lakes.) Illinois No
27%
National Historic Landmarks currently located in Iowa. Montgomery Ward Department Store No
27%
five most populous cities in Bosnia and Herzegovina (2013). Mostar No
27%
five most populous cities in Kentucky (2020). Frankfort No
18%
five most populous cities in Kentucky (2020). Covington Yes
9%
National Historic Landmarks currently located in Iowa. Dubuque City Hall No
9%
National Historic Landmarks currently located in Iowa. Pottawattamie County Jail and Sheriff’s Residence Yes
9%
National Historic Landmarks currently located in Iowa. Sergeant Floyd Monument Yes
0%
National Historic Landmarks currently located in Iowa. Surf Ballroom Yes
0%
No matching quizzes found
Score Distribution
Percent of People with Each Score
Percentile by Number Answered
Your Score History
You have not taken this quiz since the last reset